000 00521nam a2200145Ia 4500
008 210430s9999 xx 000 0 und d
020 _a0470124822 (hardcover) | 97804
082 _a660.03 L669 H
100 _aSr., Richard J. Lewis.
_953945
245 _aHawley's condensed chemical dictionary, book and cd-rom set /
_cSr., Richard J. Lewis.
260 _aNew Delhi
_bGalgotia publication
_c2008
300 _a1229 p. ;
856 _uhttp://www.amazon.com/exec/obidos/ASIN/0470124822/chopaconline-20
942 _cBK
_2ddc
999 _c564332
_d564332